[Event "Regionalliga SO 0708"]
[Site "Bayern"]
[Date "2008.04.20"]
[Round "9.3"]
[White "Spiess, Martin"]
[Black "Wawra, Juergen"]
[Result "0-1"]
[WhiteElo "2103"]
[BlackElo "2113"]
[PlyCount "75"]
[EventDate "2007.10.21"]
[EventType "team-tourn"]
[EventRounds "9"]
[EventCountry "GER"]
[SourceTitle "EXT 2009"]
[Source "ChessBase"]
[SourceDate "2008.11.26"]
[SourceVersion "1"]
[SourceVersionDate "2008.11.26"]
[SourceQuality "1"]
[WhiteTeam "Ingolstadt"]
[BlackTeam "Germering"]
[WhiteTeamCountry "GER"]
[BlackTeamCountry "GER"]

1. e4 c5 2. Nf3 e6 3. d4 cxd4 4. Nxd4 a6 5. Be2 Nf6 6. Nd2 Qc7 7. 0-0 Nc6 8. c3 Bd6 9. h3 Bc5 10. N4f3 b6 11. Re1 Be7 12. e5 Nxe5 13. Nxe5 Qxe5 14. Bf3 Qb8 15. Bxa8 Qxa8 16. Nc4 Qc6 17. Ne5 Qc7 18. a4 d6 19. Ng4 Nd7 20. Ne3 Bb7 21. c4 Ne5 22. a5 0-0 23. axb6 Qxb6 24. b3 f5 25. Bb2 Bf6 26. Ra2 Qc6 27. f4 Bh4 28. fxe5 Bxe1 29. Qxe1 f4 30. Ba3 Qe4 31. Bxd6 Rf5 32. Qh4 Qxe3+ 33. Kh2 h6 34. Qe7 Be4 35. Bc5 Qg3+ 36. Kg1 Rg5 37. Rf2 Kh7 38. Qd8 0-1